00220nam a2200097Ia 4500008004100000100001900041245002200060260002400082300000800106650000800114191201s2015 xx 000 0 und d aXIANG, Zhigang 0aComputer Graphics c2015bTMHaN. Delhi a347 aMCA